header

Fair trade and social justice (Record no. 196285)

MARC details
000 -LEADER
fixed length control field 01723nam a2200397 a 4500
082 04 - DEWEY DECIMAL CLASSIFICATION NUMBER
Classification number 382/.3
245 00 - TITLE STATEMENT
Title Fair trade and social justice
260 ## - PUBLICATION, DISTRIBUTION, ETC. (IMPRINT)
Place of publication New York :
Name of publisher New York University Press,
Year of publication 2010.
300 ## - PHYSICAL DESCRIPTION
Number of Pages viii, 307 p.
505 0# - FORMATTED CONTENTS NOTE
Formatted contents note pt. I. Global markets and local realities : regulating and expanding fair trade -- pt. II. Negotiating difference and identity in fair trade markets -- pt. III. Relationships and consumption in fair trade markets and alternative economies.
650 #0 - SUBJECT ADDED ENTRY--TOPICAL TERM
Topical Term International trade.
Topical Term Competition, Unfair.
Topical Term Social justice.
700 1# - ADDED ENTRY--PERSONAL NAME
Personal name Lyon, Sarah M.
Personal name Moberg, Mark,
856 40 - ELECTRONIC LOCATION AND ACCESS
Uniform Resource Identifier http://site.ebrary.com/lib/rucke/Doc?id=10392344

No items available.

© 2026 Rongo University
Contact us: librarian | system librarian | Rongo university